Catálogo público

Fisiología médica / (Record no. 168241)

MARC details
000 -CABECERA
campo de control de longitud fija 01018nam a2200325Ia 4500
001 - NÚMERO DE CONTROL
campo de control Z_5181
003 - IDENTIFICADOR DEL NÚMERO DE CONTROL
campo de control CHAP
008 - DATOS DE LONGITUD FIJA--INFORMACIÓN GENERAL
campo de control de longitud fija 220113s2004 xx 000 0 und d
010 ## - NÚMERO DE CONTROL DE LA BIBLIOTECA DEL CONGRESO
Número de control de LC 168241
020 ## - NÚMERO INTERNACIONAL ESTÁNDAR DEL LIBRO
Número Internacional Estándar del Libro 970-729-068-4
040 ## - FUENTE DE LA CATALOGACIÓN
Centro/agencia transcriptor CHAP
082 ## - NÚMERO DE LA CLASIFICACIÓN DECIMAL DEWEY
Número de clasificación 612 G35 2004
100 ## - ENTRADA PRINCIPAL--NOMBRE DE PERSONA
Nombre de persona Ganong, William F.
9 (RLIN) 45561
245 ## - MENCIÓN DE TÍTULO
Título Fisiología médica /
Mención de responsabilidad, etc. William F. Ganong; traducción Martha Elena Araiza Martínez; revisión técnica Mario R. Testelli Mattarelli
250 ## - MENCIÓN DE EDICIÓN
Mención de edición 19a ed.
260 ## - PUBLICACIÓN, DISTRIBUCIÓN, ETC.
Lugar de publicación, distribución, etc. México :
Nombre del editor, distribuidor, etc. El Manual Moderno,
Fecha de publicación, distribución, etc. 2004
300 ## - DESCRIPCIÓN FÍSICA
Extensión x, 914 p.
500 ## - NOTA GENERAL
Nota general Título original de la obra : Review of medical phisiology, 21th ed. de 2003
503 ## - NOTA DE HISTORIA BIBLIOGRÁFICA (BK CF MU) [OBSOLETO]
Nota de historia bibliográfica ej.1: C/E \ ej.2: C/E \ ej.3: 224957
504 ## - NOTA DE BIBLIOGRAFÍA, ETC.
Nota de bibliografía, etc. Incluye bibliografía e índice
650 ## - PUNTO DE ACCESO ADICIONAL DE MATERIA--TÉRMINO DE MATERIA
Término de materia o nombre geográfico como elemento de entrada Fisiología humána
9 (RLIN) 137527
700 ## - PUNTO DE ACCESO ADICIONAL--NOMBRE DE PERSONA
Nombre de persona Testelli Mattarelli, Mario R., rev.
9 (RLIN) 142506
700 ## - PUNTO DE ACCESO ADICIONAL--NOMBRE DE PERSONA
Nombre de persona Araiza Martínez, Martha Elena, tr.
901 ## - ELEMENTOS DE DATOS A LOCAL LDA (RLIN)
a 612 G35 2004
902 ## - ELEMENTOS DE DATOS B LOCAL, LDB (RLIN)
a M
910 ## - DATOS DE OPCIÓN DEL USUARIO (OCLC)
Datos de opción del usuario 2004
942 ## - ELEMENTOS DE PUNTO DE ACCESO ADICIONAL (KOHA)
Tipo de ítem Koha Libro_
942 ## - ELEMENTOS DE PUNTO DE ACCESO ADICIONAL (KOHA)
Tipo de ítem Koha
Holdings
Estado de retiro Estado de pérdida Fuente del sistema de clasificación o colocación Estado dañado No para préstamo Código de colección Localización permanente Ubicación/localización actual Ubicación en estantería Fecha de adquisición Código de barras Fecha visto por última vez Número de copia Precio válido a partir de Tipo de ítem Koha Total de préstamos Renovaciones totales Fecha del último préstamo
    Dewey Decimal Classification     General Zootecnia Zootecnia   09/11/2005 z_4983 18/01/2022 1 18/01/2022 Libro      
    Dewey Decimal Classification     General Zootecnia Zootecnia   09/11/2005 z_4984 18/01/2022 2 18/01/2022 Libro      
    Dewey Decimal Classification     General Zootecnia Zootecnia   09/11/2005 z_5005 20/03/2024 3 18/01/2022 Libro 1 1 07/03/2024
    Dewey Decimal Classification     General Zootecnia Zootecnia   11/02/2019 z_7217 19/04/2023 4 18/01/2022 Libro 2   12/04/2023